000 00711cam a22002413a 4500
001 22186
003 PGUSA
005 20140828083455.0
008 070731s2007||||xxu|||||s|||||000 1 eng d
040 _aPGUSA
_beng
042 _adc
050 4 _aPZ
100 1 _aStratemeyer, Edward,
_d1862-1930
245 1 0 _aFor the Liberty of Texas
_h[electronic resource] /
_cEdward Stratemeyer
260 _bProject Gutenberg,
_c2007
506 _aPublic domain in the USA.
516 _aElectronic text
653 _aTexas -- History -- Revolution, 1835-1836 -- Fiction
700 1 _aMeynell, Louis,
_d1868-
830 0 _aProject Gutenberg
_v22186
856 4 0 _uhttp://www.gutenberg.org/ebooks/22186
942 _cEB
999 _c251441
_d251441